|
|
|
|
| LEADER |
00000nam a2200000 a 4500 |
| 001 |
UCY1301 |
| 003 |
CL-VaPUC |
| 008 |
940826e19920000SP |||||||||||||||||spa|d |
| 082 |
0 |
4 |
|a 332.642
|b CAC
|2 21
|
| 100 |
0 |
|
|a Cachón Blanco, José Enrique
|e author
|9 329249
|
| 245 |
1 |
0 |
|a Derecho del mercado de valores
|
| 300 |
|
|
|a 2 v
|
| 942 |
|
|
|c BK
|
| 945 |
|
|
|d 19940826 00:00:00
|a aalvarez
|
| 260 |
|
|
|a Madrid
|b Dykinson
|c 1992
|
| 650 |
|
0 |
|a Bolsa de valores
|9 329250
|
| 650 |
|
7 |
|a REGULACION DEL COMERCIO
|2 CL-VaPUC
|9 255294
|
| 583 |
|
|
|a last modification
|c 19940826 00:00:00
|k Rodrigo Vera
|
| 999 |
|
|
|c 230049
|d 230047
|
| 952 |
|
|
|0 0
|1 0
|4 0
|6 332_642000000000000_CAC_1992
|7 0
|8 A
|9 231898
|a BIBDER
|b BIBDER
|d 2019-11-15
|h v.1
|i 3015149
|o 332.642 CAC 1992
|p 3015149
|r 2023-01-25
|w 2019-11-15
|y BK
|k DER
|
| 952 |
|
|
|0 0
|1 0
|4 0
|6 332_642000000000000_CAC_1992
|7 0
|8 A
|9 231899
|a BIBDER
|b BIBDER
|d 2019-11-15
|h v.2
|i 3015157
|o 332.642 CAC 1992
|p 3015157
|r 2023-01-25
|w 2019-11-15
|y BK
|k DER
|